| 000 | 01508nam a2200217Ia 4500 | ||
|---|---|---|---|
| 003 | Ost | ||
| 005 | 20260507074955.0 | ||
| 008 | 260507s9999||||xx |||||||||||||| ||und|| | ||
| 040 | _cfsecg | ||
| 041 | _aara | ||
| 082 | _a380.1 | ||
| 100 |
_aالمرسي، جمال الدين محمد _eمؤلف |
||
| 245 | 0 |
_aالمنشآت التسويقية : _bإدارة منافذ التوزيع(مدخل وصفي تحليلي) / _c جمال الدين محمد المرسي |
|
| 260 |
_aالاسكندرية: _bالدار الجامعية, _c2007 |
||
| 300 |
_a549 صفحة؛ _bإيضاحات ؛ _c25 سم |
||
| 504 | _aببليوغرافيا:ص.545-549 | ||
| 520 | _aطبيعة التسويق،التسويق كعملية تبادل،منشآت تجارة الجملة،منشآة تجارة التجزئة(الوظائف والتقسيمات المنافسة،منشآت التجزئة(التخطيط الاستراتيجي)،الاطار العام لنشطة منشآت التوزيع المادي،منشآت التوزيع المادي(مؤسسات النقل)،منشآت التوزيع المادي(المخازن وادارة المخزون)،الانشطة الاخرى لمنشآت التوزيع المادي،وكالات الاعلان،فن البيع في منشآت التجزئة،مهارات التفاوض للعاملين في المنشآت التسويقية | ||
| 653 | _aالتسويق | ||
| 700 |
_aثابت، عبد الرحمن إدريس _eمؤلف ثانوي |
||
| 942 | _cكتاب | ||
| 999 |
_c42025 _d42025 |
||